000
00217nam a2200097Ia 4500
008
230508s1989 xx 000 0 und d
041
_a
eng
100
_a
POPOV E.P.
245
_a
MECHANICS OF MATERIALS
260
_c
1989
999
_c
315086
_d
315086